Excavating in Egypt : the Egypt Exploration Society, 1882-1982 /
محفوظ في:
مؤلفون آخرون:
التنسيق: كتاب
اللغة: English
منشور في:
London :
Published for the Trustees of the British Museum by British Museum Publications Limited,
1982.
الموضوعات:
الوسوم: إضافة وسم
لا توجد وسوم, كن أول من يضع وسما على هذه التسجيلة!
رقم الطلب: DT56.9 .E96 1982
| LEADER | 01207namaa2200277 4500 | ||
|---|---|---|---|
| 001 | 18966 | ||
| 003 | OSt | ||
| 005 | 20260430055050.0 | ||
| 008 | 130303s1982 enka b 00100 eng d | ||
| 010 | |a 81021947 | ||
| 020 | |a 0714109320 | ||
| 040 | |c ARCE Library | ||
| 043 | |a f-ua--- | ||
| 050 | 4 | |a DT56.9 .E96 1982 | |
| 245 | 0 | 0 | |a Excavating in Egypt : |b the Egypt Exploration Society, 1882-1982 / |c edited by T. G. H. James. |
| 264 | 1 | |a London : |b Published for the Trustees of the British Museum by British Museum Publications Limited, |c 1982. | |
| 300 | |a 192 pages : |b illustrations ; |c 24 cm. | ||
| 504 | |a Includes bibliographical references and index. | ||
| 505 | 0 | |a The early years / Margaret S. Drower -- The delta / A.J. Spencer -- Thebes / W.V. Davies -- Abydos / B.J. Kemp -- El-Amarna / Cyril Aldred -- Saqqara / Geoffrey T. Martin -- Nubia / H.S. Smith -- The archeological survey / T.G.H. James -- The Greco-Roman Branch / Sir Eric G. Turner. | |
| 610 | 2 | 0 | |a Egypt Exploration Society |x History. |
| 650 | 0 | |a Excavations (Archaeology) |z Egypt. | |
| 651 | 0 | |a Egypt |x Antiquities. | |
| 700 | 1 | |a James, T. G. H., |q (Thomas Garnet Henry) | |
| 901 | |a reviewed | ||
| 942 | |c BK |2 lcc | ||
| 999 | |c 16010 |d 16010 | ||
